[Event "GER-chT U14 Girls"]
[Site "Neumuenster"]
[Date "2019.12.27"]
[Round "2.3"]
[White "Evering, Enna"]
[Black "Moradi, Yassaman"]
[Result "1-0"]
[WhiteElo "1556"]
[BlackElo "1293"]
[PlyCount "108"]
[EventDate "2019.12.27"]
[EventType "team-swiss"]
[EventRounds "7"]
[EventCountry "GER"]
[SourceTitle "CBM 194 Extra"]
[Source "ChessBase"]
[SourceDate "2020.03.31"]
[SourceVersion "1"]
[SourceVersionDate "2020.03.31"]
[SourceQuality "1"]
[WhiteTeam "Papenburg"]
[BlackTeam "Priestewitz"]
[WhiteTeamCountry "GER"]
[BlackTeamCountry "GER"]

1. e4 c5 2. Nf3 d6 3. d4 cxd4 4. Nxd4 Nf6 5. Nc3 a6 6. f3 e5 7. Nb3 Be7 8. Be3 0-0 9. Qd2 b5 10. 0-0-0 Bb7 11. g4 Nbd7 12. Rg1 Nb6 13. g5 Nh5 14. Nd5 Bxd5 15. exd5 Rc8 16. Na5 Nc4 17. Bxc4 bxc4 18. Nc6 Qc7 19. h4 Rfe8 20. Qc3 Qd7 21. Qxc4 Qf5 22. Qxa6 Nf4 23. Bxf4 Qxf4+ 24. Kb1 Qf5 25. Qd3 Qd7 26. Rdf1 Bd8 27. Nxd8 Rcxd8 28. Qe4 Ra8 29. b3 Qa7 30. a4 Reb8 31. Kc1 Qc5 32. Qd3 Qa3+ 33. Kd1 Rb4 34. Rg4 Rab8 35. Rxb4 Rxb4 36. Qc3 g6 37. Ke2 Rxa4 38. Qc8+ Kg7 39. bxa4 Qxa4 40. Rh1 Qb5+ 41. Kf2 Qxd5 42. Qc3 Qe6 43. Kg2 d5 44. Re1 d4 45. Qc5 f6 46. gxf6+ Kxf6 47. Qf8+ Qf7 48. Qxf7+ Kxf7 49. Rxe5 Kf6 50. Re4 h6 51. Rxd4 g5 52. hxg5+ hxg5 53. c4 Ke6 54. c5 Ke5 1-0

[Event "GER-chT U14 Girls"]
[Site "Neumuenster"]
[Date "2019.12.27"]
[Round "1.7"]
[White "Moradi, Yassaman"]
[Black "Kuran, Olivia"]
[Result "1-0"]
[WhiteElo "1293"]
[BlackElo "1003"]
[PlyCount "81"]
[EventDate "2019.12.27"]
[EventType "team-swiss"]
[EventRounds "7"]
[EventCountry "GER"]
[SourceTitle "CBM 194 Extra"]
[Source "ChessBase"]
[SourceDate "2020.03.31"]
[SourceVersion "1"]
[SourceVersionDate "2020.03.31"]
[SourceQuality "1"]
[WhiteTeam "Priestewitz"]
[BlackTeam "Karlsruhe SF"]
[WhiteTeamCountry "GER"]
[BlackTeamCountry "GER"]

1. e4 e5 2. Nf3 Nc6 3. d4 d6 4. d5 Nce7 5. Nc3 Bg4 6. Be2 Nf6 7. Bg5 Ng6 8. Qd2 Be7 9. h3 Bxf3 10. Bxf3 Qd7 11. 0-0-0 0-0 12. g4 Ne8 13. Be3 Nh4 14. Be2 c6 15. Rdg1 h6 16. g5 Kh8 17. gxh6 gxh6 18. Bxh6 Rg8 19. Rxg8+ Kxg8 20. Bg5 Ng6 21. Bh5 Ng7 22. Bxg6 fxg6 23. Rg1 Rf8 24. h4 Bf6 25. Qe3 a6 26. Bxf6 Rxf6 27. Qh6 Qf7 28. f3 g5 29. Qxg5 Rg6 30. Qxg6 Qxg6 31. Rxg6 Kf7 32. Rxd6 Ne8 33. Rd7+ Kf8 34. Rxb7 Nd6 35. Ra7 cxd5 36. Nxd5 Nb5 37. Rxa6 Nd4 38. Rf6+ Kg7 39. h5 Ne2+ 40. Kd2 Ng3 41. Rg6+ 1-0

[Event "GER-ch U10 Girls"]
[Site "Willingen"]
[Date "2019.06.10"]
[Round "4"]
[White "Sickmann, Lisa"]
[Black "Moradi, Yassaman"]
[Result "1-0"]
[WhiteElo "1418"]
[BlackElo "1174"]
[PlyCount "47"]
[EventDate "2019.06.08"]
[EventType "swiss"]
[EventRounds "11"]
[EventCountry "GER"]
[SourceTitle "EXT 2020"]
[Source "ChessBase"]
[SourceDate "2019.10.17"]
[SourceVersion "1"]
[SourceVersionDate "2019.10.17"]
[SourceQuality "1"]

1. e4 c5 2. Nf3 d6 3. d4 cxd4 4. Nxd4 Nf6 5. Nc3 a6 6. f3 e5 7. Nb3 Be6 8. Be3 Be7 9. Qd2 0-0 10. 0-0-0 Nbd7 11. g4 b5 12. h4 Nb6 13. Kb1 Nc4 14. Bxc4 bxc4 15. Nc1 a5 16. h5 h6 17. g5 Nh7 18. gxh6 gxh6 19. Bxh6 Bg5 20. Rhg1 Kh8 21. Bxg5 Qb6 22. Bf6+ Nxf6 23. Qh6+ Nh7 24. Qg7# 1-0